Trasa Linii 158 (MPK KRAKÓW) - Statystyki

Ogólne statystyki
  • Ten quiz został rozwiązany 5 razy
  • Średni wynik to 7 z 23
Statystyki odpowiedzi
Lp. Ulica Przystanek % Poprawnych
3. NowohuckaPowstanców Wielkopolskich Kuklińskiego
67%
8. Lipska Mały Płaszów P+R
67%
1. Powstanców Wielkopolskich Podgórze SKA
67%
2. ↓ Powstanców Wielkopolskich Podgórze SKA
67%
5. PrzewózSaska Saska
67%
4. SaskaNowohucka Stoczniowców
67%
13. RybitwyBrantla Albatrosów
33%
12. Obrońców Modlina Biskupińska
33%
14. Rybitwy Botewa
33%
10. Płk. Dąbka Płk. Dąbka
33%
16. Rybitwy Rybitwy Dom Kultury
33%
15. (NŻ) Rybitwy Rybitwy Sklep
33%
7. ↓ Lipska Rzebika
33%
9. Mierzeja Wiślana Lipska Surzyckiego
33%
6. Przewóz Szczecińska
33%
11. Biskupińska Zajezdnia Płaszów
33%
21. (NŻ) Wrobela Husarska
0%
19. (NŻ) Rączna Ks. Targosza
0%
23. Wrobela Podwierzbie
0%
20. (NŻ) Rączna Przewóz
0%
17. Rybitwy Rybitwy Rozjazd
0%
18. RącznaRybitwy Szparagowa
0%
22. Wrobela Wrobela
0%
Nie znaleziono quizów pasujących do podanych kryteriów
Rozkład punktacji
Procent ludzi z każdym wynikiem
Percentyl według liczby udzielonych odpowiedzi
Twoja historia wyników
Nie rozwiązałeś tego quizu